| 000 | 00916nam a2200241Ia 4500 | ||
|---|---|---|---|
| 003 | OSt | ||
| 005 | 20251208114248.0 | ||
| 008 | 221004b |||||||| |||| 00| 0 hin d | ||
| 020 | _a8126310995 (hbk) | ||
| 037 | _cTB | ||
| 040 |
_aCRL _cCRL _bhin |
||
| 041 |
_2hin _ahin |
||
| 084 |
_aO152,3N478,TS P4 _qAL |
||
| 100 |
_aराजकिशोर _9855138 |
||
| 245 | 0 | _aतुम्म्हारा सुख | |
| 246 | _aTummhārā sukha | ||
| 260 |
_aनई दिल्ली,भारत: _bभारतीय ज्ञानपीठ भारत, _c2004. |
||
| 300 |
_a144पृ0 _ccm. |
||
| 490 | _aलोकोदय ग्रन्थमाला; ग्रन्थांक 587 | ||
| 650 |
_aहिन्दी साहित्य _9855139 |
||
| 942 |
_hO152,3N478,TS, P4 _cTB _2cc _n0 |
||
| 999 |
_c1019270 _d1019270 |
||